000 00298nam a22001337a 4500
008 210226b ||||| |||| 00| 0 eng d
020 _a9781593853310
041 _aeng
080 _a610.73
100 _a1
101 _aINF
245 _aDiagnosis Made Easier
_cMorrison James
942 _2udc
_cBK
999 _c55254
_d55254